Movie Title Bar and Line Graphs Quiz Stats

 Plays Quiz Updated Nov 16, 2017

Challenge
Share
Tweet
Score 0/12 Timer 04:00
2 Plays Today
Graph Movie % Correct
Col2, Row 1Four Weddings and a Funeral
89%
Col1, Row 3300
88%
Col1, Row 1Three Men And A Baby
86.4%
Col3, Row 1No Country For Old Men
76.5%
Col3, Row 313 Going On 30
72%
Col4, Row 2Around The World In 80 Days
70.7%
Col2, Row 212 Angry Men
70.2%
Col4, Row 1Planes, Trains and Automobiles
68.8%
Col4, Row 3Six Days Seven Nights
55.9%
Col2, Row 3A History Of Violence
40.8%
Col1, Row 2Three Amigos
39.4%
Col3, Row 2Eight Below
39.2%

You're not logged in!

Compare scores with friends on all Sporcle quizzes.
Join for Free
OR
Log In

You Might Also Like...

Show Comments

Extras

Top Quizzes Today


Score Distribution

Your Account Isn't Verified!

In order to create a playlist on Sporcle, you need to verify the email address you used during registration. Go to your Sporcle Settings to finish the process.

Report this User

Report this user for behavior that violates our Community Guidelines.

Details: